00549nam a22001577a 4500003001100000005001700011008004100028020001800069040003900087041000800126245006900134260007400203942000700277952009200284999001500376LK-CoMWRAF20240205210700.0240205b |||||||| |||| 00| 0 eng d a9789550249138 aLK-CoMWRAFdLK-CoMWRAFeLK-CoMWRAF aeng aSri Lanka Law Directory on protection of women and girl children aNugegoda :bMinistry of child development and women's affairs, c2012 cBK 00104070aMAINbMAINd2024-02-05l0o346.013 SRIpRAF4957r2024-02-05w2024-02-05yBK c4728d4728